000 003590000a22001570004500
001 001680
003 MACL
040 _aMACL
090 _c13673
_d13672
100 _aDeussen, Paul
245 _aThe Philosophy Of The Upanishads
_cPaul Deussen
260 _aMotilal Banarsidass Publishers,
_c2005
350 _a250
650 _aReligion
942 _k295
_cBook
999 _c13598
_d13598